000 00297nam a22001337a 4500
008 171020b xxu||||| |||| 00| 0 eng d
020 _a9781121218635
041 _aeng
080 _a338
100 _a54
101 _aMEN
245 _aHOSPITALITY MANAGEMENT SEMINAR
_cJOHNSON
942 _2udc
_cBK
999 _c35213
_d35213